000 00277nam a22001217a 4500
008 180216b xxu||||| |||| 00| 0 eng d
041 _aeng
080 _a575
100 _a9
101 _aIMU
245 _aImunology of the gastrointestinal tract
_cAsquith,P
942 _2udc
_cBK
999 _c42734
_d42734